TV Actresses by Movies They've Done Quiz Stats

 Plays Quiz not verified by Sporcle

Score 0/18 Timer 10:00
0 Plays Today
Movies Actress % Correct
Batman Begins, Thank You For Smoking, The Ice StormKatie Holmes
90.5%
P.S I Love You, Romy and Michelle's High School Reunion, Analyze ThisLisa Kudrow
87.5%
13 Going On 30, The Ghost Of Girlfriends Past, Juno Jennifer Garner
85%
Can't Hardly Wait, I Know What You Did Last Summer, Garfield Jennifer Love Hewitt
84.5%
Anchorman: The Legend Of Ron Burgandy, Don't Tell Mom The Babysitter's Dead, Going The DistanceChristina Applegate
79.5%
Valentine's Day, The A-Team (2010), Blade:TrinityJessica Biel
75.5%
American Pie, Date Movie, American WeddingAlyson Hannigan
71%
Forgetting Sarah Marshall, When In Rome, Couples RetreatKristen Bell
68.5%
Final Destination, Legally Blonde, Varsity BluesAli Larter
51%
Movies Actress % Correct
Mean Girls, Black Christmas, The Ghost Of Girlfriends PastLacey Chabert
47%
The Sixth Sense, The OH in Ohio, Lost And DeliriousMischa Barton
44.5%
Couples Retreat, Deck The Halls, The Shaggy Dog (2006)Kristin Davis
41%
Tron: Legacy (2010), Year One, Alpha DogOlivia Wilde
37%
The Hurt Locker, The Long Weekend, AfterwardsEvangeline Lilly
32.5%
Ghost Ship, Snakes On A Plane, Dinosaur (Voice)Julianna Margulies
27%
The Secret Life Of Bees, Solstice, Our Very OwnHilarie Burton
12%
Camp Nowhere, Honey We Shrunk Ourselves, The Ant Bully (Voice) Allison Mack
11.5%
Pipeline, Role Models, Friday the 13th (2009)Amanda Righetti
7%

You're not logged in!

Compare scores with friends on all Sporcle quizzes.
OR
Log In

Show Comments

Extras

Created Nov 15, 2010ReportNominate
Tags:Actress Quiz, Show Quiz, known

Top Quizzes Today


Score Distribution

Your Account Isn't Verified!

In order to create a playlist on Sporcle, you need to verify the email address you used during registration. Go to your Sporcle Settings to finish the process.

Report this User

Report this user for behavior that violates our Community Guidelines.

Details: